000 01107 a2200241 4500
999 _c2610
_d2610
020 _a9780230515635 (cloth)
050 0 0 _aHD 30.28 STA 2007
100 1 _aStatler, Matthew.
245 1 0 _aEveryday strategic preparedness :
_bthe role of practical wisdom in organizations /
_cMatt Statler and Johan Roos.
264 _aNew York:
_bPalgrave macmillan;
_c2007
300 _axii, 170 p. :
_bill. ;
500 _aincludes index
504 _aIncludes bibliographical references (p. 153-165)
650 0 _aStrategic planning.
650 0 _aOrganizational effectiveness.
650 0 _aExecutive ability.
700 1 _aRoos, Johan.
856 4 2 _3Contributor biographical information
_uhttp://www.loc.gov/catdir/enhancements/fy0708/2006051748-b.html
856 4 2 _3Publisher description
_uhttp://www.loc.gov/catdir/enhancements/fy0708/2006051748-d.html
856 4 1 _3Table of contents only
_uhttp://www.loc.gov/catdir/enhancements/fy0708/2006051748-t.html
942 _2lcc
_cBK
_h30.28
_iSTA
_kHD